Statistics for Diplomatic Missions of Guyana

Click here to take the quiz!

General Stats

  • This quiz has been taken 26 times
  • The average score is 27 of 37

Answer Stats

MissionAnswer% Correct
CountryBrazil
100%
CountryChina
100%
CountryUnited Kingdom
100%
CountryUnited States
100%
CountryCanada
95%
CountryCuba
95%
CountryBelgium
89%
CountrySuriname
89%
CountryVenezuela
89%
EmbassyBeijing
84%
EmbassyHavana
84%
High CommissionLondon
84%
Permanent MissionNew York City
84%
Consulate-GeneralNew York City
84%
CountryTrinidad and Tobago
84%
EmbassyWashington D.C.
84%
CountryBarbados
79%
EmbassyBrasília
79%
EmbassyBrussels
79%
CountryIndia
79%
High CommissionOttawa
79%
Consulate-GeneralToronto
79%
EmbassyGeneva
74%
EmbassyParamaribo
74%
CountrySwitzerland
74%
EmbassyCaracas
68%
High CommissionPort of Spain
68%
CountrySouth Africa
68%
Consulate-GeneralBridgetown
63%
High CommissionNew Delhi
63%
High CommissionPretoria
58%
Consulate-GeneralBoa Vista
32%
CountryKuwait
26%
EmbassyKuwait City
26%
Consulate-GeneralNickerie
26%
EmbassyDoha
21%
CountryQatar
21%

Score Distribution

Percentile by Number Answered

Percent of People with Each Score

Your Score History

You have not taken this quiz